| 000 | 01267cam a22002771i 4500 | ||
|---|---|---|---|
| 003 | SA_RiAUC | ||
| 005 | 20250816150845.0 | ||
| 008 | 250809s2010____su h g 000 0 ara c | ||
| 040 |
_aSA-RiDKA _bara _cSA-RiAUC _erda |
||
| 043 | _aa-su--- | ||
| 082 | 0 | 4 |
_a915.31 _qSA-RiAUC |
| 090 |
_a915.31 _bد ر ي |
||
| 100 | 1 |
_aالدريس، عبد الله بن سعد راشد _eمؤلف. |
|
| 245 | 1 | 0 |
_aطريق حاج اليمامة عبر وادي نعام والحريق / _cإعداد وتحقيق عبد الله بن سعد راشد الدريس. يليه منسك الشيخ محمد بن عبد الوهاب على نسختين خطيتين. |
| 250 | _aالطبعة الثانية. | ||
| 264 | 1 |
_aالرياض : _bدار ابن الأثير، _c2010. |
|
| 300 |
_a144 صفحة : _bمثيليات ؛ _c24 سم |
||
| 336 |
_aنص _btxt _2rdacontent _3كتاب |
||
| 337 |
_aبدون وسيط _bn _2rdamedia |
||
| 338 |
_aمجلد _bnc _2rdacarrier |
||
| 650 | 7 |
_aطرق الحج _zالسعودية _xتاريخ _2aucsh |
|
| 650 | 7 |
_aالحج _2aucsh |
|
| 700 | 1 | 2 |
_iمع : _aابن الشيخ، عبد الله بن محمد بن عبد الوهاب، _d1165-1242 هجري. _tمنسك الحج |
| 942 |
_2ddc _cBOOK _n0 |
||
| 949 |
_aSA-JeALM _d250809 _umohamedma123 _n1 |
||
| 999 |
_c10836 _d10836 |
||